000
00338nam a22001457a 4500
008
230428b ||||| |||| 00| 0 eng d
020
_a
9781576072387
041
_a
eng
080
_2
VOLUME 1
_a
030
082
_a
030LAN
100
_a
40
101
_a
ENCIKLO
245
_a
RELIGION AND AMERICAN CULTURE
_c
LADERMAN .G
942
_2
udc
_c
BK
999
_c
59636
_d
59636